[Event "Reykjavik Chess Congress 2020"]
[Site "Reykjavik"]
[Date "2020.01.12"]
[Round "3.1"]
[White "Jonsson, Gauti Pall"]
[Black "Kjartansson, Gudmundur"]
[Result "0-1"]
[WhiteElo "2027"]
[BlackElo "2453"]
[Annotator "TA"]
[PlyCount "106"]
[EventDate "2020.01.05"]
[EventType "swiss"]
[EventCountry "ISL"]
[SourceTitle "playchess.com"]
[Source "ChessBase"]
[SourceQuality "1"]

{[%evp 14,108,18,7,34,32,28,25,18,16,26,-18,10,-15,-10,-19,-16,-13,-12,-18,-4,-15,-15,-18,-16,-29,18,-51,-50,-47,-44,-50,-45,-78,-53,-68,-43,-112,-100,-208,-213,-216,-220,-205,-209,-242,-247,-241,-233,-233,-184,-217,-209,-558,-192,-443,-119,-128,-71,-79,-86,-127,-135,-117,-87,-124,-106,-109,-93,-108,-111,-186,-71,-210,-184,-225,-224,-223,-224,-212,-212,-258,-258,-262,-248,-329,-276,-333,-321,-403,-393,-634,-629,-623,-615,-579,-510]} 1. d4 Nf6 2. c4 Nc6 3. Nf3 e6 4. Nc3 Bb4 5. Qc2 d6 6. a3 Bxc3+ 7. Qxc3 a5 8. b3 Qe7 {E33: Nimzo-Indian: Classical: 4...Nc6} (8... O-O 9. e3 Re8 10. Bb2 e5 11. dxe5 dxe5 12. Be2 Bg4 13. h3 Bh5 14. O-O Ne4 15. Qc2 Bg6 16. Rfd1 Qe7 17. Bd3 Nxf2 18. Kxf2 {0-1 (71) Indjic,A (2589)-Fedoseev,V (2684) Karlsruhe 2017}) 9. e3 e5 10. d5 Nb8 {[%cal Bc6b8,Bb8d7,Bd7c5,Bc5a4][%mdl 32] White has an edge.} 11. Bb2 $146 ({Predecessor:} 11. Qc2 Nbd7 12. Be2 Nc5 13. Nd2 O-O 14. e4 Ne8 15. O-O f5 16. exf5 Bxf5 {0-1 (39) Brovko,N (1984)-Stetsko,L (2203) Minsk 2013}) 11... O-O 12. Be2 b5 13. Nd2 bxc4 14. bxc4 Nbd7 15. O-O Nc5 16. f3 Ba6 17. e4 c6 $36 {[%mdl 2048] Black is more active.} 18. Qe3 Na4 19. Rab1 Rfc8 20. dxc6 ({Better is} 20. Ba1 $11) 20... Rxc6 $15 21. Ba1 Qc7 22. f4 Nd7 23. Qg3 f6 (23... Nab6 {is more complex.} 24. Rbc1 Nxc4 25. Bxc4 Bxc4 26. Nxc4 Rxc4 27. Rxc4 Qxc4 28. fxe5 dxe5 29. Rd1 Qc7) 24. Qh3 Nf8 25. Rb3 (25. Qb3 $15 Qb6+ 26. Qxb6 Nxb6 27. fxe5 dxe5 28. Rfc1) 25... Nb6 {[%cal Rb6c4]} 26. Rg3 (26. Rc3 $17 {might work better.}) 26... Nxc4 $19 27. Nxc4 Bxc4 28. Bxc4+ Rxc4 29. fxe5 dxe5 30. Bc3 Qb6+ 31. Kh1 Ng6 ({Don't do} 31... Rxe4 32. Qf5) 32. Rd1 Qc6 ({Don't blunder} 32... Rxe4 $2 33. Qd7 $18) 33. Rgd3 $2 {[#]} (33. Re3) 33... Rxe4 $2 (33... Nf4 34. Qf3 Nxd3 35. Rxd3 Qxe4 36. Qxe4 Rxe4) 34. Bxa5 $2 (34. Rd6 {is a better defense.} Qc4 35. Qg3) 34... Nf8 $2 (34... Rxa5 $19 {has better winning chances.} 35. Rd8+ Nf8 36. Qb3+ Qc4) 35. Bb4 $17 Qe8 (35... Rc4 $142 36. Rd6 Rc1 37. Qb3+ Qc4) 36. Rd6 Rc4 37. Qf3 {[#] Hoping for Qd5+.} Rac8 38. h3 h5 39. R1d2 e4 40. Qe3 Qe5 41. Rd1 Ne6 42. Rd7 (42. R6d5 $17 Qc7 43. Rd7) 42... Qf4 (42... f5 $19 {Strongly threatening ...f4.} 43. Qe2 Qf6) 43. Qxf4 (43. Qb6 $17 R8c6 44. Qa5) 43... Nxf4 $19 44. Re7 {Black should prevent Rdd7.} Rc1 45. Rxc1 Rxc1+ {[%mdl 4096] Endgame KRB-KRN} 46. Kh2 Rc4 47. Re8+ Kf7 48. Re7+ Kg6 49. Be1 Nd3 50. Bg3 f5 51. Bh4 f4 52. Re6+ $2 (52. Rd7) 52... Kf5 {Black is clearly winning.} 53. Re8 e3 {Played: Rc4-c2} 0-1

[Event "Reykjavik Chess Congress 2020"]
[Site "Reykjavik"]
[Date "2020.01.12"]
[Round "3.2"]
[White "Briem, Benedikt"]
[Black "Bjornsson, Sigurbjorn"]
[Result "0-1"]
[WhiteElo "1841"]
[BlackElo "2331"]
[Annotator "ChessBase"]
[PlyCount "74"]
[EventDate "2020.01.05"]
[EventType "swiss"]
[EventCountry "ISL"]
[SourceTitle "playchess.com"]
[Source "ChessBase"]
[SourceQuality "1"]
[TimeControl "40/5400+30:900+30"]

1. d4 {[%emt 0:00:00]} Nf6 {[%emt 0:00:00]} 2. Nc3 {[%emt 0:00:00]} d5 {[%emt 0:00:00]} 3. Bf4 {[%emt 0:00:14]} c6 {[%emt 0:00:13]} 4. e3 {[%emt 0:00:40]} Bf5 {[%emt 0:01:49]} 5. f3 {[%emt 0:00:47]} e6 {[%emt 0:00:40]} 6. g4 {[%emt 0:00:38]} Bg6 {[%emt 0:00:04]} 7. h4 {[%emt 0:00:35]} h5 {[%emt 0:01:06]} 8. g5 {[%emt 0:01:00]} Nfd7 {[%emt 0:00:07]} 9. Bd3 {[%emt 0:00:43]} Bxd3 {[%emt 0:00:26]} 10. Qxd3 {[%emt 0:00:37]} g6 {[%emt 0:00:20]} 11. Kf2 {[%emt 0:05:50]} Qb6 {[%emt 0:06:27]} 12. Nge2 {[%emt 0:07:18]} Be7 {[%emt 0:03:12]} 13. Bg3 {[%emt 0:11:06]} c5 {[%emt 0:02:01]} 14. Na4 {[%emt 0:02:17]} Qc6 {[%emt 0:11:03]} 15. Nxc5 {[%emt 0:01:44]} Nxc5 {[%emt 0:00:22]} 16. dxc5 {[%emt 0:00:25]} Bxc5 {[%emt 0:01:51]} 17. Be5 {[%emt 0:04:34]} O-O {[%emt 0:02:18]} 18. Nf4 {[%emt 0:14:33]} Qa6 {[%emt 0:00:47]} 19. Qc3 {[%emt 0:06:13]} Qb6 {[%emt 0:10:38]} 20. Rad1 {[%emt 0:12:16]} Nc6 {[%emt 0:02:18]} 21. Bf6 {[%emt 0:03:52]} Ne7 {[%emt 0:08:39]} 22. Bxe7 {[%emt 0:09:22]} Bxe7 {[%emt 0:00:10]} 23. Qd3 {[%emt 0:05:22]} Kg7 {[%emt 0:04:30]} 24. Rhg1 {[%emt 0:01:20]} Rfc8 {[%emt 0:04:45]} 25. b3 {[%emt 0:03:16]} Qc5 {[%emt 0:03:00]} 26. Rd2 {[%emt 0:01:21]} b5 {[%emt 0:02:05]} 27. Ne2 {[%emt 0:03:25]} b4 {[%emt 0:03:37]} 28. Qd4+ {[%emt 0:02:23]} Qxd4 {[%emt 0:01:38]} 29. exd4 {[%emt 0:00:44]} Rc6 {[%emt 0:00:49]} 30. Nf4 {[%emt 0:01:04]} Rac8 {[%emt 0:01:20]} 31. Rc1 {[%emt 0:00:28]} f6 {[%emt 0:10:37]} 32. Re2 {[%emt 0:01:14]} Kf7 {[%emt 0:00:37]} 33. gxf6 {[%emt 0:00:37]} Bxf6 {[%emt 0:00:10]} 34. Rd2 {[%emt 0:00:16]} Bxh4+ {[%emt 0:00:23]} 35. Ke3 {[%emt 0:00:44]} Bg5 {[%emt 0:00:32]} 36. Rg2 {[%emt 0:00:15]} Rc3+ {[%emt 0:00:20]} 37. Ke2 {[%emt 0:00:45]} Bxf4 {[%emt 0:00:05]} 0-1

[Event "Reykjavik Chess Congress 2020"]
[Site "Reykjavik"]
[Date "2020.01.12"]
[Round "3.3"]
[White "Stefansson, Vignir Vatnar"]
[Black "Hardarson, Petur Palmi"]
[Result "1-0"]
[WhiteElo "2323"]
[BlackElo "2027"]
[Annotator "TA"]
[PlyCount "85"]
[EventDate "2020.01.05"]
[EventType "swiss"]
[EventCountry "ISL"]
[SourceTitle "playchess.com"]
[Source "ChessBase"]
[SourceQuality "1"]

{[%evp 14,85,66,60,72,79,87,38,91,58,54,58,62,0,132,131,147,129,148,81,89,95,99,83,91,95,97,106,116,43,33,27,123,114,168,156,216,206,289,162,210,167,175,195,192,180,273,199,200,177,263,276,245,197,317,333,309,291,394,397,395,387,879,369,532,528,515,514,580,585,600,593,606,606]} 1. d4 Nf6 2. Bg5 Ne4 3. Bf4 c5 4. f3 Nf6 5. dxc5 Qa5+ 6. Nc3 Qxc5 7. e4 d6 8. Qd2 g6 {A45: Trompowsky Attack} (8... Nbd7 9. Be3 Qc6 10. Nge2 e5 11. Nc1 Be7 12. Be2 O-O 13. a4 Nb6 14. N1a2 d5 15. Bb5 Qd6 16. a5 {1-0 (54) Vitiugov,N (2742)-Cheparinov,I (2682) Dubai 2014}) 9. Be3 Qa5 10. Nb5 Qd8 (10... Qxd2+ $1 $14 11. Kxd2 Na6) 11. e5 dxe5 $146 ({Predecessor:} 11... a6 12. exf6 axb5 13. fxe7 Qxe7 14. Bxb5+ Nc6 15. Kf2 Bg7 16. c3 {0-1 (37) Gonzalez Garcia,M (2075)-Vidarte Morales,A (2425) Barcelona 1999}) 12. Qxd8+ (12. Nxa7 Qxd2+ 13. Kxd2 Bd7 $15) 12... Kxd8 13. Bxa7 (13. Bc4 $14) 13... Nfd7 (13... Be6 $1 $11 {remains equal.}) 14. O-O-O $16 Na6 15. Bc4 e6 16. Be3 (16. Bf2 $142) 16... Bc5 17. Bg5+ Be7 18. Nh3 h6 19. Nd6 Rh7 20. Be3 $36 {[%mdl 2048] White is on the roll.} Nc7 21. Kb1 (21. Nf2 $16) 21... Bxd6 $1 $14 22. Rxd6 {[#] Threatens to win with Bb6.} Ke7 (22... b5 $11 23. Bb3 Bb7) 23. Rhd1 $16 Ne8 (23... b5 $16 {keeps fighting.} 24. Bb3 Ne8) 24. R6d3 $18 Nef6 (24... Nc7 $16 25. Rc3 b6) 25. Nf2 Rh8 (25... b6 $142 26. Rd6 Ra5) 26. g4 (26. Bd2 $142) 26... g5 27. b4 Rb8 {Black wants to play ...b5.} 28. a4 b6 29. Ne4 Bb7 (29... Nxe4 {was called for.} 30. fxe4 Nf6) 30. Nxf6 Nxf6 31. Bxb6 {Bc5+ would kill now.} Nd5 (31... Rhc8 {was necessary.} 32. Bb5 e4) 32. Bc5+ ({Don't take} 32. Bxd5 $6 exd5 33. a5 f6 $18) 32... Kf6 33. Bb3 Rhc8 (33... Ba8 $142) 34. Bd6 ({Less strong is} 34. Bxd5 exd5 35. a5 Ke6 $16) 34... Ra8 {intending ...Nc3+.} 35. Re1 ({Weaker is} 35. Bxd5 exd5 36. Ra3 Ke6 $16) 35... e4 36. fxe4 Nc3+ 37. Kc1 Nxa4 $2 (37... Nxe4 38. Rf1+ Kg6) 38. c4 (38. Rf1+ $142 Kg7 39. Be5+ Kg8 {[#]} 40. Rd7 $1 {[%mdl 576] Double Attack}) 38... Ba6 (38... Nb6 $142 39. Bc5 Rc6) 39. Bxa4 {White is clearly winning.} Bxc4 40. Rf3+ Kg6 {Hoping for ...Be2+.} 41. Bc2 Bb5 {...Ra1+ would now be nice for Black.} 42. Kb2 Bc4 43. Bb3 {Accuracy: White = 43%, Black = 31%.} 1-0

[Event "Reykjavik Chess Congress 2020"]
[Site "Reykjavik"]
[Date "2020.01.12"]
[Round "3.4"]
[White "Mai, Aron Thor"]
[Black "Bjarnason, Olafur"]
[Result "1-0"]
[WhiteElo "2167"]
[BlackElo "1815"]
[Annotator "ChessBase"]
[PlyCount "83"]
[EventDate "2020.01.05"]
[EventType "swiss"]
[EventCountry "ISL"]
[SourceTitle "playchess.com"]
[Source "ChessBase"]
[SourceQuality "1"]
[TimeControl "40/5400+30:900+30"]

1. e4 {[%emt 0:00:00]} e5 {[%emt 0:00:00]} 2. Nf3 {[%emt 0:00:00]} Nc6 {[%emt 0:00:01]} 3. d4 {[%emt 0:00:00]} exd4 {[%emt 0:00:40]} 4. Nxd4 {[%emt 0:00:05]} Nxd4 {[%emt 0:01:31]} 5. Qxd4 {[%emt 0:00:07]} d6 {[%emt 0:00:58]} 6. Nc3 {[%emt 0:01:00]} a6 {[%emt 0:02:19]} 7. Bf4 {[%emt 0:00:43]} Be6 {[%emt 0:01:55]} 8. O-O-O {[%emt 0:00:39]} Ne7 {[%emt 0:01:59]} 9. f3 {[%emt 0:01:32]} Nc6 {[%emt 0:01:41]} 10. Qd2 {[%emt 0:00:13]} Qd7 {[%emt 0:02:47]} 11. Nd5 {[%emt 0:02:56]} O-O-O {[%emt 0:01:54]} 12. Qc3 {[%emt 0:04:44]} f6 {[%emt 0:01:33]} 13. Kb1 {[%emt 0:01:37]} Bxd5 {[%emt 0:03:36]} 14. exd5 {[%emt 0:00:15]} Nb8 {[%emt 0:02:42]} 15. h4 {[%emt 0:01:27]} Rg8 {[%emt 0:01:08]} 16. h5 {[%emt 0:07:19]} Qf7 {[%emt 0:03:02]} 17. g4 {[%emt 0:01:08]} Be7 {[%emt 0:04:38]} 18. Qd4 {[%emt 0:11:41]} g6 {[%emt 0:05:07]} 19. h6 {[%emt 0:00:32]} Rde8 {[%emt 0:04:13]} 20. Bd3 {[%emt 0:04:33]} b6 {[%emt 0:03:58]} 21. a4 {[%emt 0:01:16]} Kb7 {[%emt 0:01:00]} 22. a5 {[%emt 0:00:35]} Rc8 {[%emt 0:01:46]} 23. Be3 {[%emt 0:05:11]} Bd8 {[%emt 0:01:33]} 24. f4 {[%emt 0:01:33]} Nd7 {[%emt 0:03:01]} 25. Qc4 {[%emt 0:01:05]} Nb8 {[%emt 0:00:41]} 26. Bf1 {[%emt 0:01:27]} Re8 {[%emt 0:01:38]} 27. Bf2 {[%emt 0:00:43]} f5 {[%emt 0:03:54]} 28. g5 {[%emt 0:01:32]} Re4 {[%emt 0:00:30]} 29. Rd4 {[%emt 0:00:20]} Rxd4 {[%emt 0:02:00]} 30. Qxd4 {[%emt 0:00:25]} Qd7 {[%emt 0:01:03]} 31. Rh3 {[%emt 0:04:07]} c5 {[%emt 0:06:05]} 32. dxc6+ {[%emt 0:06:26]} Qxc6 {[%emt 0:02:19]} 33. Qd2 {[%emt 0:01:42]} Nd7 {[%emt 0:05:52]} 34. Bxb6 {[%emt 0:10:54]} Nxb6 {[%emt 0:01:25]} 35. Bg2 {[%emt 0:01:00]} d5 {[%emt 0:00:12]} 36. axb6 {[%emt 0:01:37]} Kb8 {[%emt 0:00:49]} 37. Bxd5 {[%emt 0:01:44]} Qc5 {[%emt 0:00:11]} 38. Ra3 {[%emt 0:02:00]} Bxb6 {[%emt 0:02:03]} 39. Rxa6 {[%emt 0:01:12]} Ba7 {[%emt 0:00:36]} 40. Ra5 {[%emt 0:00:00]} Qg1+ {[%emt 0:00:00]} 41. Ka2 {[%emt 0:01:34]} Rc5 {[%emt 0:02:28]} 42. Qb4+ {[%emt 0:00:55]} 1-0

[Event "Reykjavik Chess Congress 2020"]
[Site "Reykjavik"]
[Date "2020.01.12"]
[Round "3.5"]
[White "Kjartansson, David"]
[Black "Halldorsson, Bragi"]
[Result "1-0"]
[WhiteElo "2356"]
[BlackElo "2089"]
[Annotator "ChessBase"]
[PlyCount "149"]
[EventDate "2020.01.05"]
[EventType "swiss"]
[EventCountry "ISL"]
[SourceTitle "playchess.com"]
[Source "ChessBase"]
[SourceQuality "1"]
[TimeControl "40/5400+30:900+30"]

1. d4 {[%emt 0:02:37]} c6 {[%emt 0:01:19]} 2. c4 {[%emt 0:00:08]} d5 {[%emt 0:00:17]} 3. Nc3 {[%emt 0:00:06]} Nf6 {[%emt 0:00:10]} 4. Nf3 {[%emt 0:00:08]} e6 {[%emt 0:00:20]} 5. Bg5 {[%emt 0:01:14]} Nbd7 {[%emt 0:00:17]} 6. cxd5 {[%emt 0:03:20]} exd5 {[%emt 0:00:34]} 7. e3 {[%emt 0:00:07]} Bd6 {[%emt 0:00:16]} 8. Bd3 {[%emt 0:00:10]} O-O {[%emt 0:00:21]} 9. Qc2 {[%emt 0:00:09]} h6 {[%emt 0:04:21]} 10. Bh4 {[%emt 0:00:07]} Re8 {[%emt 0:00:15]} 11. O-O {[%emt 0:00:11]} Nf8 {[%emt 0:01:32]} 12. Rfe1 {[%emt 0:03:31]} Bg4 {[%emt 0:00:16]} 13. Nd2 {[%emt 0:00:53]} Be7 {[%emt 0:05:08]} 14. Rab1 {[%emt 0:08:27]} a5 {[%emt 0:04:16]} 15. a3 {[%emt 0:00:24]} Rc8 {[%emt 0:01:22]} 16. b4 {[%emt 0:00:49]} axb4 {[%emt 0:00:12]} 17. axb4 {[%emt 0:00:07]} Bh5 {[%emt 0:02:24]} 18. Bf5 {[%emt 0:01:05]} Bg6 {[%emt 0:00:13]} 19. Bg3 {[%emt 0:00:49]} Bd6 {[%emt 0:00:52]} 20. Na4 {[%emt 0:04:40]} Bxg3 {[%emt 0:02:15]} 21. hxg3 {[%emt 0:00:13]} Bxf5 {[%emt 0:00:40]} 22. Qxf5 {[%emt 0:00:09]} b5 {[%emt 0:01:08]} 23. Nc5 {[%emt 0:00:40]} Ne6 {[%emt 0:00:35]} 24. Ndb3 {[%emt 0:00:29]} Ng5 {[%emt 0:01:26]} 25. Rec1 {[%emt 0:02:03]} g6 {[%emt 0:00:20]} 26. Qf4 {[%emt 0:10:10]} Nh5 {[%emt 0:00:52]} 27. Qg4 {[%emt 0:02:39]} Nf6 {[%emt 0:00:45]} 28. Qe2 {[%emt 0:01:05]} Nge4 {[%emt 0:03:09]} 29. Nd2 {[%emt 0:07:05]} Nxd2 {[%emt 0:03:31]} 30. Qxd2 {[%emt 0:00:06]} Ng4 {[%emt 0:00:24]} 31. Nd3 {[%emt 0:02:19]} Qg5 {[%emt 0:04:22]} 32. Nf4 {[%emt 0:00:41]} h5 {[%emt 0:00:15]} 33. Rb3 {[%emt 0:02:49]} Nf6 {[%emt 0:02:28]} 34. Qe1 {[%emt 0:08:02]} Ne4 {[%emt 0:04:23]} 35. Rb2 {[%emt 0:06:41]} Nd6 {[%emt 0:02:25]} 36. Ra2 {[%emt 0:05:58]} h4 {[%emt 0:01:26]} 37. gxh4 {[%emt 0:04:37]} Qxh4 {[%emt 0:00:09]} 38. g3 {[%emt 0:14:48]} Qe7 {[%emt 0:04:00]} 39. Qd1 {[%emt 0:02:19]} Kg7 {[%emt 0:01:04]} 40. Qf3 {[%emt 0:00:00]} Nc4 {[%emt 0:00:00]} 41. Nd3 {[%emt 0:03:20]} Rh8 {[%emt 0:01:03]} 42. Rca1 {[%emt 0:00:41]} Rh5 {[%emt 0:02:42]} 43. Ra7 {[%emt 0:04:19]} Rc7 {[%emt 0:00:27]} 44. Ra8 {[%emt 0:03:14]} Nd2 {[%emt 0:01:27]} 45. Qg2 {[%emt 0:08:00]} Rf5 {[%emt 0:05:12]} 46. Nf4 {[%emt 0:01:02]} Rxf4 {[%emt 0:21:19]} 47. gxf4 {[%emt 0:00:23]} Qh4 {[%emt 0:03:58]} 48. R8a2 {[%emt 0:02:40]} Ne4 {[%emt 0:00:19]} 49. f3 {[%emt 0:00:40]} Nd6 {[%emt 0:01:15]} 50. Qh2 {[%emt 0:00:18]} Qe7 {[%emt 0:00:50]} 51. Kf2 {[%emt 0:01:15]} Nf5 {[%emt 0:00:54]} 52. Re2 {[%emt 0:00:25]} Ra7 {[%emt 0:02:48]} 53. Rh1 {[%emt 0:00:19]} Ra8 {[%emt 0:00:09]} 54. Qh7+ {[%emt 0:00:38]} Kf6 {[%emt 0:00:11]} 55. Rc1 {[%emt 0:01:18]} Rc8 {[%emt 0:02:16]} 56. e4 {[%emt 0:00:33]} dxe4 {[%emt 0:01:00]} 57. fxe4 {[%emt 0:00:12]} Nxd4 {[%emt 0:02:01]} 58. Qh4+ {[%emt 0:00:28]} Ke6 {[%emt 0:00:52]} 59. Qh3+ {[%emt 0:00:57]} Kd6 {[%emt 0:00:22]} 60. e5+ {[%emt 0:01:10]} Kc7 {[%emt 0:00:13]} 61. Ra2 {[%emt 0:00:17]} Rb8 {[%emt 0:00:26]} 62. Ra7+ {[%emt 0:00:31]} Rb7 {[%emt 0:00:12]} 63. Ra8 {[%emt 0:01:15]} Ne6 {[%emt 0:00:25]} 64. Qh8 {[%emt 0:00:19]} Qd7 {[%emt 0:00:47]} 65. Rc8+ {[%emt 0:00:45]} Kb6 {[%emt 0:01:45]} 66. R1xc6+ {[%emt 0:00:27]} Qxc6 67. Rxc6+ {[%emt 0:00:04]} Kxc6 {[%emt 0:00:27]} 68. Ke3 {[%emt 0:00:48]} Kb6 {[%emt 0:00:34]} 69. Qa8 {[%emt 0:00:16]} Nc7 {[%emt 0:01:43]} 70. Qa2 {[%emt 0:00:28]} Ne6 {[%emt 0:00:50]} 71. Qa5+ {[%emt 0:00:12]} Kc6 {[%emt 0:00:31]} 72. Qa6+ {[%emt 0:00:14]} Rb6 {[%emt 0:01:01]} 73. Qc8+ {[%emt 0:00:16]} Nc7 {[%emt 0:00:45]} 74. Qf8 {[%emt 0:00:28]} Rb7 {[%emt 0:00:47]} 75. Qd6# {[%emt 0:00:00] Ne6 Qf8 Kc7 Qe7+ Kb8 Qf8+ Rb6} 1-0

[Event "Reykjavik Chess Congress 2020"]
[Site "Reykjavik"]
[Date "2020.01.12"]
[Round "3.6"]
[White "Thorisson, Benedikt"]
[Black "Briem, Stephan"]
[Result "0-1"]
[WhiteElo "1598"]
[BlackElo "2197"]
[Annotator "ChessBase"]
[PlyCount "112"]
[EventDate "2020.01.05"]
[EventType "swiss"]
[EventCountry "ISL"]
[SourceTitle "playchess.com"]
[Source "ChessBase"]
[SourceQuality "1"]
[TimeControl "40/5400+30:900+30"]

1. e4 {[%emt 0:00:00]} c5 {[%emt 0:00:00]} 2. Nf3 {[%emt 0:00:00]} d6 {[%emt 0:00:00]} 3. d4 {[%emt 0:00:00]} cxd4 {[%emt 0:00:00]} 4. Nxd4 {[%emt 0:00:08]} Nf6 {[%emt 0:00:03]} 5. Nc3 {[%emt 0:00:22]} a6 {[%emt 0:00:09]} 6. f3 {[%emt 0:00:43]} e5 {[%emt 0:00:15]} 7. Nb3 {[%emt 0:00:22]} Be6 {[%emt 0:00:11]} 8. Be3 {[%emt 0:00:39]} Be7 {[%emt 0:00:16]} 9. Qd2 {[%emt 0:01:52]} O-O {[%emt 0:00:08]} 10. O-O-O {[%emt 0:00:53]} Nbd7 {[%emt 0:00:06]} 11. g4 {[%emt 0:02:28]} b5 {[%emt 0:00:05]} 12. h4 {[%emt 0:05:24]} b4 {[%emt 0:00:06]} 13. Nd5 {[%emt 0:07:39]} Bxd5 {[%emt 0:00:07]} 14. exd5 {[%emt 0:00:07]} Nb6 {[%emt 0:00:25]} 15. Na5 {[%emt 0:00:58]} Nbxd5 {[%emt 0:20:56]} 16. Nc6 {[%emt 0:00:23]} Qc7 {[%emt 0:01:06]} 17. Nxe7+ {[%emt 0:00:15]} Nxe7 {[%emt 0:00:33]} 18. Qxd6 {[%emt 0:00:34]} Rfc8 {[%emt 0:02:16]} 19. Qxc7 {[%emt 0:09:38]} Rxc7 {[%emt 0:01:45]} 20. Rh2 {[%emt 0:05:28]} Nfd5 {[%emt 0:29:31]} 21. Bg1 {[%emt 0:06:06]} Nf4 {[%emt 0:21:54]} 22. Rhd2 {[%emt 0:05:19]} h5 {[%emt 0:02:56]} 23. Rd7 {[%emt 0:08:02]} Rac8 {[%emt 0:04:25]} 24. Rxc7 {[%emt 0:02:02]} Rxc7 {[%emt 0:00:13]} 25. gxh5 {[%emt 0:03:37]} Nf5 {[%emt 0:02:55]} 26. Bf2 {[%emt 0:01:51]} Rc6 {[%emt 0:03:32]} 27. Rd8+ {[%emt 0:01:58]} Kh7 {[%emt 0:00:11]} 28. Rb8 {[%emt 0:00:57]} Rh6 {[%emt 0:02:44]} 29. Rxb4 {[%emt 0:01:46]} Rxh5 {[%emt 0:01:11]} 30. Bxa6 {[%emt 0:04:44]} Nxh4 {[%emt 0:01:23]} 31. Bb7 {[%emt 0:01:26]} Nf5 {[%emt 0:02:46]} 32. Be4 {[%emt 0:02:16]} g6 {[%emt 0:00:53]} 33. Bc5 {[%emt 0:01:45]} Ng7 {[%emt 0:02:49]} 34. Rb7 {[%emt 0:05:35]} Nge6 {[%emt 0:00:16]} 35. Bd6 {[%emt 0:03:45]} Kg7 {[%emt 0:00:35]} 36. a4 {[%emt 0:01:13]} Nd4 {[%emt 0:00:35]} 37. a5 {[%emt 0:01:51]} Rh1+ {[%emt 0:00:17]} 38. Kd2 {[%emt 0:00:24]} Kh6 {[%emt 0:00:53]} 39. a6 {[%emt 0:01:20]} f5 {[%emt 0:00:32]} 40. a7 {[%emt 0:00:00]} fxe4 {[%emt 0:00:00]} 41. a8=Q {[%emt 0:03:21]} Rh2+ {[%emt 0:05:08]} 42. Kc3 {[%emt 0:04:34]} Rxc2+ {[%emt 0:02:58]} 43. Kb4 {[%emt 0:00:34]} Nd3+ {[%emt 0:04:01]} 44. Ka3 {[%emt 0:00:57]} Rc1 {[%emt 0:01:50]} 45. Qh8+ {[%emt 0:00:22]} Kg5 {[%emt 0:00:09]} 46. Be7+ {[%emt 0:02:34]} Kf4 {[%emt 0:00:21]} 47. Qf8+ {[%emt 0:09:02]} Kg3 {[%emt 0:01:54]} 48. Ka2 {[%emt 0:03:27]} exf3 {[%emt 0:01:00]} 49. Qh6 {[%emt 0:01:53]} Rd1 {[%emt 0:01:43]} 50. Bh4+ {[%emt 0:02:42]} Kg2 {[%emt 0:00:38]} 51. Qxg6+ {[%emt 0:00:43]} Kf1 {[%emt 0:00:14]} 52. Rg7 {[%emt 0:02:18]} Nb4+ {[%emt 0:00:22]} 53. Ka3 {[%emt 0:00:10]} Nbc2+ {[%emt 0:00:07]} 54. Qxc2 {[%emt 0:02:15]} Nxc2+ {[%emt 0:00:11]} 55. Kb3 {[%emt 0:00:39]} Nd4+ {[%emt 0:00:22]} 56. Kc4 {[%emt 0:00:22]} Nf5 {[%emt 0:00:16] Kd4} 0-1

[Event "Reykjavik Chess Congress 2020"]
[Site "Reykjavik"]
[Date "2020.01.15"]
[Round "4.1"]
[White "Kjartansson, Gudmundur"]
[Black "Stefansson, Vignir Vatnar"]
[Result "*"]
[WhiteElo "2453"]
[BlackElo "2323"]
[Annotator "TA"]
[PlyCount "11"]
[EventDate "2020.01.05"]
[EventType "swiss"]
[EventCountry "ISL"]
[SourceTitle "playchess.com"]
[Source "ChessBase"]
[SourceQuality "1"]

{[%evp 9,11,-182,-45,-224]} 1. e4 e5 2. Nf3 Nc6 3. Bb5 Nce7 (3... Nf6 4. d3 Bc5 5. c3 O-O 6. O-O d6 7. h3 a6 8. Ba4 b5 9. Bc2 h6 10. Re1 Re8 11. b4 Bb6 12. a4 Bd7 13. Nbd2 Ne7 14. Nf1 a5 15. bxa5 Rxa5 {½-½ (62) Nakamura,H (2736)-Carlsen,M (2872) Moscow 2019}) 4. Nxe5 c6 5. d3 $146 ({Predecessor:} 5. Bc4 d5 6. exd5 Nxd5 7. O-O Ngf6 8. Nc3 Be6 9. Re1 Be7 10. Bb3 O-O 11. a3 {1-0 (42) Rodriguez Lopez,S (1544)-Horcajuelo Rocamora,M (1477) Madrid 2018}) 5... d6 ({Better is} 5... cxb5 $19 6. O-O Nc6) 6. Nc4 $2 {C60: Ruy Lopez: Unusual Black 3rd moves and 3...g6} ({White should play} 6. Nxf7 $1 $15 Kxf7 7. Ba4) *